El método ABN frente al método de cálculo tradicional /

Detalles Bibliográficos
Autores principales: Martínez Montero, Jaime (Autor), Sánchez Cortés, Concepción (Autor)
Formato: Electrónico eBook
Lenguaje:español
Publicado: Las Rozas, Madrid : Aranzadi La Ley, [2025]
Edición:Primera edición.
Colección:Cuadernos de pedagogía (Aranzadi La Ley)
Materias:
Acceso en línea:Digitalia Hispánica

MARC

LEADER 00000nam a2200000 i 4500
001 DIGARALEY0024
003 NyNyDIG
007 cr |||||||||||
008 260301s2025 sp a ob 000 0 spa d
006 m o d
035 |a (OCoLC)1576249234 
040 |a DGITA  |b eng  |e rda  |e pn  |c DGITA 
020 |a 9788499872544  |q versión electrónica 
020 |z 9788499872537  |q versión impresa 
050 1 4 |a QA16 ebook 
100 1 |a Martínez Montero, Jaime,  |e author. 
245 1 3 |a El método ABN frente al método de cálculo tradicional /  |c Jaime Martínez Montero, Concepción Sánchez Cortés. 
250 |a Primera edición. 
264 1 |a Las Rozas, Madrid :  |b Aranzadi La Ley,  |c [2025] 
300 |a 1 online resource :  |b illustrations. 
336 |a text  |b txt  |2 rdacontent 
337 |a computer  |b c  |2 rdamedia 
338 |a online resource  |b cr  |2 rdacarrier 
347 |a text file  |2 rdaft 
347 |b EPUB 
490 1 |a Cuadernos de pedagogía 
504 |a Includes bibliographical references. 
588 0 |a Online resource; title from ePub title page (Digitalia, viewed March 1, 2026) 
650 0 |a Mathematics  |x Study and teaching (Elementary) 
650 0 |a Mathematics  |x Study and teaching (Primary) 
700 1 |a Sánchez Cortés, Concepción,  |e author. 
791 2 |a Digitalia (Firm),  |e distributor. 
793 0 |g Digitalia eBook Collection:  |a Aranzadi La Ley 
776 0 8 |i Print version:  |a Martínez Montero, Jaime.  |t Método ABN frente al método de cálculo tradicional.  |b Primera edición.  |d Las Rozas, Madrid : Aranzadi La Ley, [2025]  |z 9788499872537 
830 0 |a Cuadernos de pedagogía (Aranzadi La Ley) 
856 4 0 |3 Digitalia Hispánica  |u https://www.digitaliapublishing.com/a/178970/ 
910 |a Premium collection: 2026